Tlacotalpan, Veracruz. Patrimonio de la humanidad, imágenes fotográficas 1880-1950 (Record no. 8392)

MARC details
000 -CABECERA
campo de control de longitud fija 00967nam a2200229 a 4500
001 - NÚMERO DE CONTROL
campo de control BRCA_8740
005 - FECHA Y HORA DE LA ÚLTIMA TRANSACCIÓN
campo de control 20190320210403.0
008 - DATOS DE LONGITUD FIJA--INFORMACIÓN GENERAL
campo de control de longitud fija 280717s199u----mx-a######---#000-0#spa-#
041 ## - CÓDIGO DE LENGUA
Código de lengua del texto/banda sonora o título independiente spa
044 ## - CÓDIGO DEL PAÍS DE LA ENTIDAD EDITORA/PRODUCTORA
Código MARC del país mx
050 #4 - SIGNATURA TOPOGRÁFICA DE LA BIBLIOTECA DEL CONGRESO
Número de clasificación F1391.T5
Número de documento/Ítem .T53 1990
245 10 - MENCIÓN DE TÍTULO
Título Tlacotalpan, Veracruz. Patrimonio de la humanidad, imágenes fotográficas 1880-1950
Mención de responsabilidad, etc. colección y presentación Lic. Armando Pous Escalante ; prólogo Lic. Guillermo Cházaro Lagos ; texto ´Tlacotalpan 1842-1915´ José María Malpica Luchichí.
260 ## - PUBLICACIÓN, DISTRIBUCIÓN, ETC.
Lugar de publicación, distribución, etc. [México
Nombre del editor, distribuidor, etc. s.n.
Fecha de publicación, distribución, etc. 199-?]
300 ## - DESCRIPCIÓN FÍSICA
Extensión 199 p.
Otras características físicas il.
Dimensiones 21 cm.
651 #4 - PUNTO DE ACCESO ADICIONAL DE MATERIA--NOMBRE GEOGRÁFICO
Nombre geográfico Tlacotalpan (México)
Subdivisión de forma Trabajos Ilustrados
9 (RLIN) 21762
651 #4 - PUNTO DE ACCESO ADICIONAL DE MATERIA--NOMBRE GEOGRÁFICO
Nombre geográfico Tlacotalpan (México)
Subdivisión de forma Biografía
9 (RLIN) 21763
651 #4 - PUNTO DE ACCESO ADICIONAL DE MATERIA--NOMBRE GEOGRÁFICO
Nombre geográfico Tlacotalpan (México)
Subdivisión general Descripción y viajes
9 (RLIN) 21764
700 1# - PUNTO DE ACCESO ADICIONAL--NOMBRE DE PERSONA
Nombre de persona Pous Escalante, Armando
9 (RLIN) 21765
700 1# - PUNTO DE ACCESO ADICIONAL--NOMBRE DE PERSONA
Nombre de persona Cházaro Lagos, Guillermo
Término indicativo de función/relación pról.
9 (RLIN) 21766
700 1# - PUNTO DE ACCESO ADICIONAL--NOMBRE DE PERSONA
Nombre de persona Malpica Luchichí, José María
Título de la obra Tlacotalpan 1842-1915
9 (RLIN) 21767
942 ## - ELEMENTOS DE PUNTO DE ACCESO ADICIONAL (KOHA)
Fuente del sistema de clasificación o colocación Library of Congress Classification
Tipo de ítem Koha Libros
Holdings
Estado de retiro Estado de pérdida Estado dañado No para préstamo Localización permanente Ubicación/localización actual Fecha de adquisición Total de préstamos Signatura topográfica completa Código de barras Fecha visto por última vez Precio válido a partir de Tipo de ítem Koha
El ejemplar forma parte de la colección y puede ser consultado según las políticas vigentes.       Biblioteca del Museo Franz Mayer (Rogerio Casas-Alatriste) Biblioteca del Museo Franz Mayer (Rogerio Casas-Alatriste) 24/02/2017   F1391.T5 .T53 1990 02954 22/03/2019 22/03/2019 Libros